ELECTRICAL TECHNOLOGY (Record no. 34370)

MARC details
000 -LEADER
fixed length control field 00297nam a22001457a 4500
003 - CONTROL NUMBER IDENTIFIER
control field SGT
082 ## - DEWEY DECIMAL CLASSIFICATION NUMBER
Classification number 621.3,KAT
100 ## - MAIN ENTRY--PERSONAL NAME
Personal name KATRE J.S.
245 ## - TITLE STATEMENT
Title ELECTRICAL TECHNOLOGY
250 ## - EDITION STATEMENT
Edition statement 1st
260 ## - PUBLICATION, DISTRIBUTION, ETC. (IMPRINT)
Name of publisher, distributor, etc TECH MAX PUB.
Year of Publication 2011
300 ## - PAGE DESCRIPTION
No. of Pages 400
942 ## - ADDED ENTRY ELEMENTS (KOHA)
Source of classification or shelving scheme Dewey Decimal Classification
Koha item type Gifted Books
Holdings
Withdrawn status Lost status Source of classification or shelving scheme Damaged status Not for loan Collection code Home library Current library Shelving location Date acquired Vendor Name Cost, normal purchase price SGTU Total Checkouts Full call number Accession No. (Barcode) Date last seen Bill Date Koha item type
    Dewey Decimal Classification     ENGINEERING SGT Engineering Library SGT Engineering Library Text Book 17/03/2026 GIFTED 245.00 SGTU   621.3,KAT FE9525 17/03/2026 17/03/2026 Gifted Books